[Event "Kouty nad Desnou op-B"]
[Site "Kouty nad Desnou"]
[Date "2014.03.15"]
[Round "9"]
[White "Hatasova, Michaela"]
[Black "Lhotsky, Zdenek"]
[Result "1-0"]
[WhiteElo "1620"]
[BlackElo "1539"]
[PlyCount "57"]
[EventDate "2014.03.08"]
[EventType "swiss"]
[EventRounds "9"]
[EventCountry "CZE"]
[SourceTitle "EXT 2015"]
[Source "ChessBase"]
[SourceDate "2014.11.20"]
[SourceVersion "1"]
[SourceVersionDate "2014.11.20"]
[SourceQuality "1"]

1. c4 e5 2. g3 Nf6 3. Bg2 d5 4. b3 Be6 5. d3 Nc6 6. Bg5 Be7 7. e3 0-0 8. Nc3 Bb4 9. Nge2 d4 10. Qc2 dxc3 11. Nxc3 h6 12. Bxf6 Qxf6 13. 0-0 Bxc3 14. Qxc3 Rad8 15. Rfd1 Bg4 16. Rd2 Rd7 17. h3 Bf3 18. a3 Bxg2 19. Kxg2 Rfd8 20. Rad1 Qg6 21. b4 e4 22. d4 Qd6 23. b5 Ne5 24. dxe5 Qxd2 25. Rxd2 Rxd2 26. Qa5 R8d3 27. Qxa7 Re2 28. a4 b6 29. Qa8+ 1-0

[Event "CZE-ch U16 Girls"]
[Site "Kouty nad Desnou"]
[Date "2012.03.17"]
[Round "9"]
[White "Zilava, Katerina"]
[Black "Hatasova, Michaela"]
[Result "0-1"]
[WhiteElo "1461"]
[BlackElo "1648"]
[PlyCount "50"]
[EventDate "2012.03.10"]
[EventType "swiss"]
[EventRounds "9"]
[EventCountry "CZE"]
[SourceTitle "EXT 2013"]
[Source "ChessBase"]
[SourceDate "2012.11.22"]
[SourceVersion "1"]
[SourceVersionDate "2012.11.22"]
[SourceQuality "1"]

1. e4 c5 2. Nf3 d6 3. Nc3 Nc6 4. Bc4 Nf6 5. d3 e6 6. Bg5 Be7 7. Qd2 0-0 8. 0-0 h6 9. Bh4 d5 10. Bxf6 Bxf6 11. exd5 Bxc3 12. Qxc3 exd5 13. Bb3 b6 14. d4 Ba6 15. dxc5 Bxf1 16. Kxf1 Rc8 17. cxb6 Qxb6 18. Bxd5 Na5 19. Qd4 Qb5+ 20. Kg1 Rfd8 21. Bxf7+ Kxf7 22. Qxa7+ Kg8 23. b3 Rxc2 24. Nd4 Qd5 25. Rd1 Qxd4 0-1

[Event "CZE-ch U16 Girls"]
[Site "Kouty nad Desnou"]
[Date "2012.03.13"]
[Round "5"]
[White "Hatasova, Michaela"]
[Black "Stranska, Kamila"]
[Result "1/2-1/2"]
[WhiteElo "1648"]
[BlackElo "1597"]
[PlyCount "55"]
[EventDate "2012.03.10"]
[EventType "swiss"]
[EventRounds "9"]
[EventCountry "CZE"]
[SourceTitle "EXT 2013"]
[Source "ChessBase"]
[SourceDate "2012.11.22"]
[SourceVersion "1"]
[SourceVersionDate "2012.11.22"]
[SourceQuality "1"]

1. c4 e5 2. g3 Nc6 3. Bg2 Nf6 4. e4 Bc5 5. d3 d6 6. Ne2 Bg4 7. Nbc3 0-0 8. h3 Bd7 9. 0-0 Qc8 10. Kh2 h6 11. f4 Nh7 12. f5 Qd8 13. Nd5 Ne7 14. f6 Nxd5 15. fxg7 Kxg7 16. cxd5 f5 17. Nc3 Rf6 18. exf5 Rxf5 19. Rxf5 Bxf5 20. Qh5 Qf6 21. Bxh6+ Qxh6 22. Qxf5 Rf8 23. Qg4+ Kh8 24. Ne4 Bd4 25. Rf1 Rxf1 26. Bxf1 Qe3 27. Qc8+ Kg7 28. Qxc7+ 1/2-1/2

[Event "CZE-chTW U20 1112"]
[Site "Czech Republic"]
[Date "2012.01.21"]
[Round "7.3"]
[White "Alfimov, Igor"]
[Black "Hatasova, Michaela"]
[Result "1-0"]
[WhiteElo "1888"]
[BlackElo "1628"]
[PlyCount "71"]
[EventDate "2011.10.15"]
[EventType "team-tourn"]
[EventRounds "7"]
[EventCountry "CZE"]
[SourceTitle "EXT 2013"]
[Source "ChessBase"]
[SourceDate "2012.11.22"]
[SourceVersion "1"]
[SourceVersionDate "2012.11.22"]
[SourceQuality "1"]
[WhiteTeam "Ricany"]
[BlackTeam "Kladno"]
[WhiteTeamCountry "CZE"]
[BlackTeamCountry "CZE"]

1. d4 d5 2. c4 e6 3. Nc3 Nf6 4. Bg5 Be7 5. Nf3 0-0 6. e3 Nbd7 7. cxd5 exd5 8. Bd3 c6 9. 0-0 Re8 10. Rb1 Nf8 11. Qc2 Bg4 12. Ne5 Bh5 13. a3 N6d7 14. Nxd7 Qxd7 15. Bf4 Bg6 16. Rfc1 Bxd3 17. Qxd3 Ng6 18. Bg3 Bd6 19. Ne2 Bxg3 20. Nxg3 Rac8 21. Rc2 Rc7 22. Rbc1 Rec8 23. b4 Qd6 24. Qc3 b6 25. f3 f6 26. Kf2 Nf8 27. Qd3 Ng6 28. Qb3 Kf8 29. Qd3 Kg8 30. b5 Nf8 31. Nf5 Qe6 32. Rxc6 Rxc6 33. Rxc6 Rxc6 34. bxc6 g6 35. c7 gxf5 36. Qa6 1-0

[Event "Wch U14 Girls"]
[Site "Caldas Novas"]
[Date "2011.11.24"]
[Round "7"]
[White "Hatasova, Michaela"]
[Black "Denon, Nicole"]
[Result "1/2-1/2"]
[WhiteElo "1628"]
[BlackElo "1742"]
[PlyCount "62"]
[EventDate "2011.11.18"]
[EventType "swiss"]
[EventRounds "9"]
[EventCountry "BRA"]
[SourceTitle "EXT 2013"]
[Source "ChessBase"]
[SourceDate "2012.11.22"]
[SourceVersion "1"]
[SourceVersionDate "2012.11.22"]
[SourceQuality "1"]

1. e4 e5 2. Nc3 Nf6 3. f4 d5 4. fxe5 Nxe4 5. d3 Nxc3 6. bxc3 d4 7. Nf3 Nc6 8. Be2 Be7 9. 0-0 0-0 10. Qe1 f6 11. Bf4 fxe5 12. Nxe5 Nxe5 13. Bxe5 dxc3 14. Qxc3 Bf6 15. Qc4+ Kh8 16. Qc5 Be6 17. a3 Qd5 18. Qxd5 Bxd5 19. Bxf6 Rxf6 20. Rxf6 gxf6 21. Rf1 Kg7 22. Rf5 Bf7 23. Rc5 c6 24. Kf2 Re8 25. d4 Bd5 26. Ra5 a6 27. g3 Rd8 28. Ra4 Bf7 29. c3 Bg6 30. Rb4 b5 31. Rb2 Kf7 1/2-1/2

[Event "CZE-chTW U20 1112"]
[Site "Czech Republic"]
[Date "2011.10.15"]
[Round "2.3"]
[White "Hatasova, Michaela"]
[Black "Toman, Ondrej"]
[Result "0-1"]
[WhiteElo "1628"]
[BlackElo "1880"]
[PlyCount "70"]
[EventDate "2011.10.15"]
[EventType "team-tourn"]
[EventRounds "7"]
[EventCountry "CZE"]
[SourceTitle "EXT 2013"]
[Source "ChessBase"]
[SourceDate "2012.11.22"]
[SourceVersion "1"]
[SourceVersionDate "2012.11.22"]
[SourceQuality "1"]
[WhiteTeam "Kladno"]
[BlackTeam "Udlice"]
[WhiteTeamCountry "CZE"]
[BlackTeamCountry "CZE"]

1. e4 e5 2. Nc3 Nf6 3. f4 d5 4. fxe5 Nxe4 5. d3 Nxc3 6. bxc3 c5 7. Nf3 Bg4 8. Be2 Be7 9. 0-0 0-0 10. Qe1 Nc6 11. Bf4 f6 12. Qg3 fxe5 13. Bxe5 Nxe5 14. Qxe5 Bf6 15. Qg3 Bxf3 16. Bxf3 Bxc3 17. Rab1 Qd7 18. Kh1 Rae8 19. Rb3 Be5 20. Qf2 b6 21. Qd2 Qd6 22. h3 Kh8 23. Qc1 Qg6 24. Qe1 Bc7 25. Qf2 Qd6 26. Qg1 Qg3 27. Rbb1 d4 28. Bc6 Rd8 29. Rbe1 Bd6 30. a4 a6 31. Bb7 b5 32. axb5 axb5 33. Bc6 b4 34. Bb5 g5 35. Bc6 g4 0-1

[Event "CZE-chT U20 final-A 1011"]
[Site "Czech Republic"]
[Date "2011.04.16"]
[Round "10.4"]
[White "Kratochvil, Vit"]
[Black "Hatasova, Michaela"]
[Result "1/2-1/2"]
[WhiteElo "1857"]
[BlackElo "1599"]
[PlyCount "106"]
[EventDate "2010.10.02"]
[EventType "team-tourn"]
[EventRounds "11"]
[EventCountry "CZE"]
[SourceTitle "EXT 2012"]
[Source "ChessBase"]
[SourceDate "2011.11.24"]
[SourceVersion "1"]
[SourceVersionDate "2011.11.24"]
[SourceQuality "1"]
[WhiteTeam "Namest nad Oslavou (U20)"]
[BlackTeam "Kladno (U20)"]
[WhiteTeamCountry "CZE"]
[BlackTeamCountry "CZE"]

1. e4 c5 2. Nf3 Nc6 3. d3 d6 4. g3 Nf6 5. Bg2 g6 6. 0-0 Bg7 7. c3 0-0 8. Re1 Qc7 9. Nbd2 b6 10. Nc4 Nd7 11. a4 Bb7 12. Be3 a6 13. Qb3 Nce5 14. Nfxe5 Nxe5 15. Nxe5 Bxe5 16. d4 Bg7 17. Qa3 Rfe8 18. Rac1 b5 19. d5 Qd7 20. axb5 axb5 21. Qb3 Ba6 22. Ra1 Reb8 23. Bf1 Qc8 24. Ra2 b4 25. c4 Bb7 26. Rea1 Rxa2 27. Rxa2 Ra8 28. Bc1 e6 29. Bh3 Qe8 30. Be3 exd5 31. exd5 Rxa2 32. Qxa2 Qa8 33. Qxa8+ Bxa8 34. b3 Bb7 35. Bf4 Bf8 36. Kf1 f5 37. Ke2 Kf7 38. Bc1 Ke7 39. Bb2 Kf7 40. f4 Bg7 41. Bxg7 Kxg7 42. Bf1 Bc8 43. Kf3 Kf6 44. h4 h6 45. Bd3 g5 46. hxg5+ hxg5 47. Kg2 gxf4 48. gxf4 Bd7 49. Kg3 Kg6 50. Bc2 Kh6 51. Kh4 Bc8 52. Bd1 Bb7 53. Bc2 Bc8 1/2-1/2

[Event "CZE-ch U14 Girls"]
[Site "Kouty nad Desnou"]
[Date "2011.03.17"]
[Round "7"]
[White "Pistovcakova, Aneta"]
[Black "Hatasova, Michaela"]
[Result "0-1"]
[WhiteElo "1466"]
[BlackElo "1616"]
[PlyCount "124"]
[EventDate "2011.03.12"]
[EventType "swiss"]
[EventRounds "9"]
[EventCountry "CZE"]
[SourceTitle "EXT 2014"]
[Source "ChessBase"]
[SourceDate "2013.11.20"]
[SourceVersion "1"]
[SourceVersionDate "2013.11.20"]
[SourceQuality "1"]

1. e4 e5 2. Nf3 Nc6 3. d4 exd4 4. Bc4 Bc5 5. c3 dxc3 6. Bxf7+ Kxf7 7. Qd5+ Kf8 8. Qxc5+ d6 9. Qc4 Qe7 10. Nxc3 Nf6 11. Bg5 Be6 12. Qa4 Kf7 13. 0-0 Rhf8 14. Rae1 Kg8 15. Nd5 Bxd5 16. exd5 Ne5 17. Nd4 Qd7 18. Qxd7 Nexd7 19. Ne6 Rfc8 20. Bxf6 Nxf6 21. Rd1 Ne8 22. Rfe1 c6 23. dxc6 bxc6 24. h4 Rab8 25. b3 d5 26. Nc5 Nf6 27. Re7 a5 28. Ra7 Ra8 29. Rxa8 Rxa8 30. Kf1 Kf7 31. Re1 Rb8 32. a3 Rb5 33. Rc1 Ke7 34. a4 Rb4 35. g3 Kd6 36. f3 Nd7 37. Nxd7 Kxd7 38. Rc3 Kd6 39. Ke2 c5 40. Kd2 d4 41. Rd3 Kd5 42. g4 c4 43. bxc4+ Kxc4 44. Ra3 Rb3 45. Ra2 Rxf3 46. Rc2+ Rc3 47. Rb2 Rh3 48. Rc2+ Kb3 49. Rc7 Rxh4 50. Rxg7 Kxa4 51. Kd3 Kb4 52. Kxd4 h5 53. Rb7+ Ka4 54. Kc3 Rxg4 55. Rb1 Rb4 56. Ra1+ Kb5 57. Rh1 h4 58. Rh3 a4 59. Kc2 Rc4+ 60. Kb2 a3+ 61. Ka2 Rg4 62. Rxa3 Ra4 0-1

[Event "CZE-ch U14 Girls"]
[Site "Kouty nad Desnou"]
[Date "2011.03.15"]
[Round "5"]
[White "Hatasova, Michaela"]
[Black "Novotna, Barbora"]
[Result "1-0"]
[WhiteElo "1616"]
[BlackElo "1525"]
[PlyCount "43"]
[EventDate "2011.03.12"]
[EventType "swiss"]
[EventRounds "9"]
[EventCountry "CZE"]
[SourceTitle "EXT 2014"]
[Source "ChessBase"]
[SourceDate "2013.11.20"]
[SourceVersion "1"]
[SourceVersionDate "2013.11.20"]
[SourceQuality "1"]

1. e4 e5 2. Nc3 Nf6 3. f4 d6 4. Nf3 Nc6 5. Bb5 exf4 6. d4 Bd7 7. Bxf4 Qe7 8. 0-0 0-0-0 9. Re1 a6 10. Bxc6 Bxc6 11. d5 Bd7 12. a4 c6 13. b4 Kb8 14. b5 a5 15. bxc6 bxc6 16. Qd4 c5 17. Qxc5 Bc8 18. Rab1+ Ka8 19. Qxa5+ Qa7+ 20. Qxa7+ Kxa7 21. Nb5+ Ka8 22. Nc7+ 1-0

[Event "CZE-ch U14 Girls"]
[Site "Kouty nad Desnou"]
[Date "2011.03.12"]
[Round "1"]
[White "Bohanesova, Vendula"]
[Black "Hatasova, Michaela"]
[Result "0-1"]
[WhiteElo "1554"]
[BlackElo "1616"]
[PlyCount "84"]
[EventDate "2011.03.12"]
[EventType "swiss"]
[EventRounds "9"]
[EventCountry "CZE"]
[SourceTitle "EXT 2014"]
[Source "ChessBase"]
[SourceDate "2013.11.20"]
[SourceVersion "1"]
[SourceVersionDate "2013.11.20"]
[SourceQuality "1"]

1. d4 d5 2. Bf4 Nf6 3. e3 e6 4. Nf3 Be7 5. Bd3 0-0 6. 0-0 Nbd7 7. c4 c6 8. Nc3 dxc4 9. Bxc4 Nd5 10. Nxd5 exd5 11. Bd3 Nf6 12. Qc2 Re8 13. Rac1 h6 14. Ne5 Bd6 15. Rfe1 Nh5 16. Bh7+ Kf8 17. Nxf7 Kxf7 18. Qg6+ Ke7 19. Qxh5 Be6 20. Qg6 Kd7 21. Bxd6 Kxd6 22. Qxg7 Re7 23. Qg3+ Kd7 24. Bd3 Qh8 25. Qe5 Qg8 26. Qh5 Rg7 27. g3 Qf8 28. Be2 Rg5 29. Qf3 Rf5 30. Qg2 Qf7 31. Bg4 Rf6 32. Bxe6+ Qxe6 33. e4 dxe4 34. Rxe4 Qxa2 35. Qh3+ Kc7 36. Re7+ Kb6 37. Qd7 Ka5 38. Rc5+ b5 39. Rc2 Qb1+ 40. Kg2 Qxc2 41. Qb7 Rxf2+ 42. Kh3 Qf5+ 0-1

[Event "CZE-chTW U20 1011"]
[Site "Czech Republic"]
[Date "2011.01.15"]
[Round "7.6"]
[White "Pychova, Nela"]
[Black "Hatasova, Michaela"]
[Result "1-0"]
[WhiteElo "1561"]
[BlackElo "1599"]
[PlyCount "49"]
[EventDate "2010.10.02"]
[EventType "team-tourn"]
[EventRounds "11"]
[EventCountry "CZE"]
[SourceTitle "EXT 2012"]
[Source "ChessBase"]
[SourceDate "2011.11.24"]
[SourceVersion "1"]
[SourceVersionDate "2011.11.24"]
[SourceQuality "1"]
[WhiteTeam "Vlasim (U20)"]
[BlackTeam "Kladno (U20)"]
[WhiteTeamCountry "CZE"]
[BlackTeamCountry "CZE"]

1. d4 d5 2. c4 e6 3. cxd5 exd5 4. Nc3 Nf6 5. Bg5 Be7 6. e3 0-0 7. Bd3 Be6 8. Qc2 Nbd7 9. Nf3 Re8 10. 0-0 Nf8 11. Rab1 c6 12. b4 Rc8 13. Rfc1 b6 14. Na4 Bd7 15. Ba6 Rc7 16. Bf4 Ne6 17. Bxc7 Nxc7 18. Bd3 h6 19. Ne5 c5 20. Nxd7 Qxd7 21. bxc5 bxc5 22. Nxc5 Qc8 23. Na6 Bd6 24. Nxc7 Bxc7 25. Qxc7 1-0

[Event "CZE-chTW U20 1011"]
[Site "Czech Republic"]
[Date "2010.10.02"]
[Round "2.6"]
[White "Kykal, Vojtech"]
[Black "Hatasova, Michaela"]
[Result "1-0"]
[WhiteElo "1541"]
[BlackElo "1599"]
[PlyCount "115"]
[EventDate "2010.10.02"]
[EventType "team-tourn"]
[EventRounds "11"]
[EventCountry "CZE"]
[SourceTitle "EXT 2012"]
[Source "ChessBase"]
[SourceDate "2011.11.24"]
[SourceVersion "1"]
[SourceVersionDate "2011.11.24"]
[SourceQuality "1"]
[WhiteTeam "Horice (U20)"]
[BlackTeam "Kladno (U20)"]
[WhiteTeamCountry "CZE"]
[BlackTeamCountry "CZE"]

1. d4 d5 2. Bf4 Nf6 3. e3 e6 4. c4 c6 5. Nc3 Bb4 6. a3 Bxc3+ 7. bxc3 Ne4 8. Qb3 0-0 9. Bd3 dxc4 10. Bxc4 Nd7 11. Nf3 Nb6 12. Bd3 Nd6 13. 0-0 Nd5 14. Bg3 b6 15. Ne5 Bb7 16. c4 Nf6 17. Rab1 Nde4 18. Qb2 Nxg3 19. hxg3 Nd7 20. Nxd7 Qxd7 21. a4 Ba6 22. Rfd1 Rab8 23. Qc3 Rfc8 24. Qb4 Qe8 25. Qa3 Qf8 26. Qa2 c5 27. Bf1 Qe7 28. a5 Qc7 29. axb6 Rxb6 30. Rxb6 Qxb6 31. dxc5 Rxc5 32. Qxa6 h6 33. Qxb6 axb6 34. Rd6 Kf8 35. Rxb6 Ke7 36. Rb5 Rxb5 37. cxb5 Kd6 38. Bd3 Kc7 39. e4 e5 40. f4 f6 41. Kf2 g5 42. Kf3 h5 43. fxe5 fxe5 44. g4 h4 45. g3 h3 46. Bf1 Kb6 47. Bxh3 Kxb5 48. Ke3 Kc4 49. Bf1+ Kc3 50. Bd3 Kb2 51. Kd2 Kb3 52. Be2 Kb2 53. Bc4 Kb1 54. Kc3 Kc1 55. Be2 Kb1 56. Kc4 Kc2 57. Kd5 Kd2 58. Kxe5 1-0

[Event "CZE-ch U14 Girls"]
[Site "Kouty nad Desnou"]
[Date "2010.03.08"]
[Round "3"]
[White "Hatasova, Michaela"]
[Black "Rojikova, Lenka"]
[Result "0-1"]
[WhiteElo "1547"]
[BlackElo "1381"]
[PlyCount "48"]
[EventDate "2010.03.06"]
[EventType "swiss"]
[EventRounds "9"]
[EventCountry "CZE"]
[SourceTitle "EXT 2012"]
[Source "ChessBase"]
[SourceDate "2011.11.24"]
[SourceVersion "1"]
[SourceVersionDate "2011.11.24"]
[SourceQuality "1"]

1. e4 c5 2. Nf3 e6 3. d4 cxd4 4. Nxd4 Nf6 5. Nc3 d6 6. Be2 Be7 7. 0-0 0-0 8. Be3 a6 9. Bf3 Qc7 10. Qd3 Nbd7 11. Rad1 Ne5 12. Qe2 b5 13. a3 Bb7 14. Bf4 Nc4 15. b3 Nxa3 16. Na2 e5 17. Bc1 Qc5 18. b4 Qc4 19. Bxa3 Qxa2 20. Qe3 exd4 21. Rxd4 Rac8 22. e5 dxe5 23. Bxb7 exd4 24. Qxe7 Rce8 0-1

[Event "Wch U12 Girls"]
[Site "Kemer"]
[Date "2009.11.16"]
[Round "6"]
[White "Hatasova, Michaela"]
[Black "Dadello, Aleksandra"]
[Result "0-1"]
[WhiteElo "1546"]
[BlackElo "1708"]
[PlyCount "23"]
[EventDate "2009.11.12"]
[EventType "swiss"]
[EventRounds "11"]
[EventCountry "TUR"]
[SourceTitle "EXT 2010"]
[Source "ChessBase"]
[SourceDate "2010.11.25"]
[SourceVersion "1"]
[SourceVersionDate "2010.11.25"]
[SourceQuality "1"]

1. e4 e5 2. Nc3 Nf6 3. f4 d5 4. fxe5 Nxe4 5. a3 Nxc3 6. bxc3 d4 7. Nf3 Nc6 8. Be2 Bc5 9. 0-0 dxc3+ 10. Kh1 0-0 11. Qe1 Bg4 12. Qg3 0-1

[Event "CZE-ch U12 Girls"]
[Site "Kouty nad Desnou"]
[Date "2009.03.12"]
[Round "7"]
[White "Zemkova, Klara"]
[Black "Hatasova, Michaela"]
[Result "1/2-1/2"]
[WhiteElo "1416"]
[BlackElo "1515"]
[PlyCount "47"]
[EventDate "2009.03.07"]
[EventType "swiss"]
[EventRounds "9"]
[EventCountry "CZE"]
[SourceTitle "EXT 2011"]
[Source "ChessBase"]
[SourceDate "2010.11.26"]
[SourceVersion "1"]
[SourceVersionDate "2010.11.26"]
[SourceQuality "1"]

1. e4 e5 2. Nf3 Nc6 3. Bc4 Nf6 4. d4 exd4 5. e5 d5 6. Bb5 Ne4 7. Nxd4 Bd7 8. Bxc6 bxc6 9. 0-0 Bc5 10. Be3 0-0 11. Nd2 Nxd2 12. Qxd2 Qe7 13. f4 Bb6 14. Rae1 Rae8 15. Qc3 c5 16. Rd1 cxd4 17. Bxd4 Bb5 18. Rfe1 c5 19. Bf2 d4 20. Qg3 Rd8 21. f5 Kh8 22. Qg4 Rg8 23. Bh4 Qe8 24. Bxd8 1/2-1/2

[Event "CZE-ch U12 Girls"]
[Site "Kouty nad Desnou"]
[Date "2009.03.10"]
[Round "5"]
[White "Hatasova, Michaela"]
[Black "Novakova, Vendula"]
[Result "1/2-1/2"]
[WhiteElo "1515"]
[BlackElo "1582"]
[PlyCount "66"]
[EventDate "2009.03.07"]
[EventType "swiss"]
[EventRounds "9"]
[EventCountry "CZE"]
[SourceTitle "EXT 2011"]
[Source "ChessBase"]
[SourceDate "2010.11.26"]
[SourceVersion "1"]
[SourceVersionDate "2010.11.26"]
[SourceQuality "1"]

1. e4 c5 2. Nf3 d6 3. d4 cxd4 4. Nxd4 Nf6 5. Nc3 g6 6. Be2 Bg7 7. Be3 0-0 8. 0-0 Nc6 9. Nxc6 bxc6 10. Bf3 Bb7 11. Qd2 Qc7 12. Bh6 Rab8 13. Rfe1 Rfd8 14. Rad1 Qb6 15. b3 Bh8 16. Na4 Qc7 17. c4 Nd7 18. h4 Ne5 19. Qf4 Bg7 20. Bxg7 Kxg7 21. h5 Rf8 22. g3 f5 23. Bg2 fxe4 24. Qxe4 c5 25. Qh4 Bxg2 26. Kxg2 Qc6+ 27. Qe4 Qxe4+ 28. Rxe4 Rf7 29. hxg6 hxg6 30. Nc3 Rbf8 31. f4 Nc6 32. Nd5 e5 33. Re2 exf4 1/2-1/2

[Event "CZE-ch U12 Girls"]
[Site "Sec u Chrudimi"]
[Date "2008.03.14"]
[Round "8"]
[White "Hatasova, Michaela"]
[Black "Stranska, Kamila"]
[Result "1-0"]
[WhiteElo "1295"]
[BlackElo "1332"]
[PlyCount "103"]
[EventDate "2008.03.08"]
[EventType "swiss"]
[EventRounds "9"]
[EventCountry "CZE"]
[SourceTitle "EXT 2009"]
[Source "ChessBase"]
[SourceDate "2008.11.26"]
[SourceVersion "1"]
[SourceVersionDate "2008.11.26"]
[SourceQuality "1"]

1. e4 c6 2. d4 d5 3. exd5 cxd5 4. Bd3 Nc6 5. c3 Nf6 6. Nf3 Bg4 7. Bf4 e6 8. 0-0 Bd6 9. Bxd6 Qxd6 10. Re1 0-0 11. Nbd2 Rfe8 12. Qc2 e5 13. Bb5 exd4 14. cxd4 Rec8 15. Qb3 Bxf3 16. Nxf3 a6 17. Bxc6 Qxc6 18. h3 Qb5 19. Qa3 h6 20. Rac1 Qd7 21. Ne5 Qf5 22. Qb3 b5 23. a4 Rcb8 24. Nc6 Rb7 25. Ne7+ Rxe7 26. Rxe7 Rb8 27. Rcc7 Re8 28. axb5 axb5 29. Qxb5 Rxe7 30. Rxe7 Qb1+ 31. Kh2 Qf5 32. Qb8+ Kh7 33. f3 Nh5 34. b4 Qf4+ 35. Qxf4 Nxf4 36. b5 Ne6 37. b6 Nd8 38. b7 Nc6 39. Rc7 Nb8 40. Rc8 Na6 41. Ra8 Nc7 42. b8Q Nxa8 43. Qxa8 Kg6 44. Qc6+ Kh7 45. Qxd5 f6 46. Qf7 Kh8 47. d5 Kh7 48. d6 h5 49. Qxh5+ Kg8 50. d7 g6 51. Qxg6+ Kf8 52. d8Q# 1-0